01472nam a2200409 i 450000100060000000300080000600500170001400600190003100700150005000800410006502000180010602000270012403500230015103500240017403500250019803500210022304000310024405000230027508000080029808200160030610000250032224501030034726401010045030000410055133600310059233700330062333800430065650000230069950400290072258801250075165000290087665000280090565000190093365000210095265500270097385600620100085497FlNmELB20241217171409.0m o d | cr cnu||||||||160308s2001 mx ob 001 0 spa d z9789707011298 a9781512924923 (e-book) a(MiAaPQ)EBC4310589 a(Au-PeEL)EBL4310589 a(CaPaEBR)ebr11138460 a(OCoLC)984792903 aFINmELBbspaerdacFINmELB 4aHC79.E5bF663 2001 a3380 a338.9272231 aFoladori, Guillermo.10aControversias sobre sustentabilidad :bla coevolución sociedad-naturaleza /cGuillermo Foladori. 1aMéxico D.F. :bEditorial Miguel Ángel Porrúa :bUniversidad Autonoma de Zacatecas,c[2001] a1 recurso en línea (229 páginas) atextobtxt2rdacontent/spa acomputadorabc2rdamedia/spa arecurso en líneabcr2rdacarrier/spa aContiene índice. aContiene bibliografía. aDescripción basada en recurso en línea; Título de la página del título en PDF (e-libro, visto March 08, 2016). 0aSustainable development. 4aDesarrollo sustentable. 0aHuman ecology. 4aEcologia humana. 4aLibros electrónicos.40uhttps://elibro.net/ereader/politecnicointernacional/74869